LEADER 01168nam a2200253 u 4500 001 000000115622 003 CaOOAMICUS 005 20090512183536.0 008 090512s2009 it u000 u ita r 020 $z978-88-13-28285-1* 040 $aPUL$bita$dLDB 100 1 $aGrilli, Luigi,$d1939-$0(OLS)http://pul/name/71692 245 13$aLa procedura penale :$bguida pratica /$cLuigi Grilli. 260 $aPadova :$bCEDAM,$c2009. 300 $a2 v. ;$c24 cm 504 $aBibliografia in nota. 650 4$aProcedura penale$zItalia$vManuali, compendi.$0(OLS)http://pul/subject/21692 850 $aPUL 852 $aPUL$W1$xSL Diritto e Scienze Sociali 3$y79$m345. 4505 GRILU 1.1$j132435$av. 1$qDDC 21$B131433$CPULBib$Z2$F131433 $H110155 $82 852 $aPUL$W1$xSL Diritto e Scienze Sociali 3$y79$m345. 4505 GRILU 1.2$j132436$av. 2$qDDC 21$B131434$CPULBib$Z2$F131434 $H110156 $82 941 1 $a9 996 $6020$z978-88-13-28285-1*$9(OLS)http://pul/number/140637 996 $6245$aLa procedura penale :$bguida pratica$9(OLS)http://pul/title/145279 996 $6260$aPadova :$bCEDAM$9(OLS)http://pul/publisher/48126 LEADER 01214nam a2200289 a 4500 001 000000150279 003 CaOOAMICUS 005 20160310125740.0 008 160310s1967 enk 000 d eng r 020 $a978-0-521-29202-3* 032 $aLibriCat 040 $aPUL$bita 082 04$a186 100 1 $aRist, John M.$q(John Michael),$d1936-$0(OLS)http://pul/name/21112 245 10$aPlotinus :$bthe road to reality /$cby J.M. Rist. 260 $aCambridge [etc.] :$bCambridge University press,$c1967. 300 $avii, 279 p. ;$c22 cm. 504 $aBibliografia : p. 270-275. 600 04$aPlotinus,$d203/6-270$xCritica e interpretazione.$0(OLS)http://pul/subject/7821 850 $aPUL 852 $aPUL$W1$xSL Filosofia 3$y81$m186 RISJO 1$j172843$bRistampa del 2010$qDDC 21$B174785$CPULBib$Z2$F174785 $H127454 $81 941 1 $a9 996 $6020$a978-0-521-29202-3*$9(OLS)http://pul/number/160013 996 $6082$a186$9(OLS)http://pul/classification/2251 996 $6245$aPlotinus :$bthe road to reality$9(OLS)http://pul/title/189384 996 $6260$aCambridge [etc.] :$bCambridge University press$9(OLS)http://pul/publisher/53026